000 00536nam a2200181 i 4500
001 57822
003 ES-MaACL
005 20230906163646.0
007 t|
008 031017s1979 sp ||||1| spa d
100 1 _aDonaldson, Frances.
_945284
245 1 0 _aEduardo VIII /
_cFrances Donaldson ; [traducción, Margarita Gómez Trejo].
250 _a[1ª ed.].
260 _aBarcelona :
_bVergara,
_c[1979]
300 _a249 p., 6 lám. ;
_c20 cm.
700 1 _aGómez Trejo, Margarita.
_958171
852 _aES-MaACL
_jA-10805
_bR.99999
999 _c57822
_d57822